Lech Poznań Prawda czy Fałsz - Statystyki

Ogólne statystyki
  • Ten quiz został rozwiązany 260 razy
    164 od ostatniego zresetowania
  • Średni wynik to 10 z 15
Statystyki odpowiedzi
Zagadnienie Odpowiedź % Poprawnych
Największym rywalem Lecha jest Legia Prawda
95%
19 Marzec 1922 r. uznaje się za datę założenia Lecha Poznań Prawda
94%
Lech Poznań ma zgodę z Pogonią Szczecin Fałsz
92%
Stadion Lecha mieści ponad 40 tysięcy kibiców Prawda
91%
Maskotkami Lecha jest para koziołków Prawda
90%
Lech Poznań nie ma zastrzeżonych numerów Fałsz
77%
Pierwszą nazwą drużyny Lecha było KS Lutnia Dębiec Prawda
72%
Karol Klimczak jest samodzielnym prezesem od 2011 roku Fałsz
69%
Lech Poznań zdobył więcej superpucharów niż Legia Warszawa Prawda
58%
Lech Poznań w sezonie 22/23 odpadł w 1/8 finału z Fiorentiną Fałsz
56%
Lech Poznań nie spadł z ekstraklasy w XXI wieku Fałsz
55%
Christian Gytkjær to zawodnik który zdobył najwięcej bramek w ekstraklasie w jednym sezonie Fałsz
55%
Lech Poznań wygrał z Legią w finale pucharu polski w sezonie 14/15 Fałsz
52%
Przydomek Lecha to Lokomotywa Prawda
40%
20 zawodników z największą ilością występów to Polacy Prawda
35%
Nie znaleziono quizów pasujących do podanych kryteriów
Rozkład punktacji
Procent ludzi z każdym wynikiem
Percentyl według liczby udzielonych odpowiedzi
Twoja historia wyników
Nie rozwiązałeś tego quizu od ostatniego zresetowania